| 000 | 00502nam a2200181Ia 4500 | ||
|---|---|---|---|
| 003 | GCL | ||
| 008 | 140319s9999 xx 000 0 ara d | ||
| 040 |
_aGCL / _cGCL |
||
| 082 | 0 | 4 |
_a823.0872 _bا ج |
| 245 | 1 | 0 | _aجثة فى المكتبة |
| 260 |
_a[S.N] : _bصوت الناس ، _c1993 |
||
| 300 | _a293 ص | ||
| 490 |
_aالسلسلة البوليسية _v0 |
||
| 650 | 0 | 4 | _aالقصص البوليسية |
| 650 | 0 | 4 | _aالقصص الانجليزية |
| 650 | 0 | 4 | _aالقصص |
| 942 |
_2ddc _cBK |
||
| 999 |
_c53140 _d53140 |
||